|
|
|
|
| LEADER |
02153nam a2200493 a 4500 |
| 001 |
001001329 |
| 003 |
CZ BrMZK |
| 005 |
20201110165048.0 |
| 007 |
ta |
| 008 |
080618s2005 au a erc 000 0dger d |
| 020 |
|
|
|a 3-85493-107-7
|
| 040 |
|
|
|a BOA001
|b cze
|
| 045 |
|
|
|a x0x8
|
| 072 |
|
7 |
|a 821.112.2.09
|x Německá literatura, německy psaná (o ní)
|2 Konspekt
|9 11
|
| 072 |
|
7 |
|a 821.133.1.09
|x Francouzská literatura, francouzsky psaná (o ní)
|2 Konspekt
|9 11
|
| 080 |
|
|
|a 821.112.2-051
|2 MRF
|
| 080 |
|
|
|a 821.133.1-051
|2 MRF
|
| 080 |
|
|
|a 821.112.2
|2 MRF
|
| 080 |
|
|
|a 821.133.1
|2 MRF
|
| 080 |
|
|
|a 329.14:329.17
|2 MRF
|
| 080 |
|
|
|a 321.64
|2 MRF
|
| 080 |
|
|
|a (083.824)
|2 MRF
|
| 245 |
0 |
4 |
|a Die Analyse der Tyrannis, Manès Sperber :
|b 1905-1984 : [Begleitpublikation zur Ausstellung "Die Analyse der Tyrannis - Manès Sperber" des Jüdischen Museums der Stadt Wien in Kooperation mit dem Österreichischen Literaturarchiv der Österreichischen Nationalbibliothek vom 18. Jänner bis 10. März 2006] /
|c herausgegeben von Marcus G. Patka und Mirjana Stančić
|
| 246 |
3 |
0 |
|a Manès Sperber
|
| 250 |
|
|
|a 1. Aufl.
|
| 260 |
|
|
|a Wien :
|b Holzhausen,
|c 2005
|
| 300 |
|
|
|a 192 s. :
|b il.
|
| 541 |
|
|
|a 10.1.2008
|
| 600 |
1 |
7 |
|a Sperber, Manès,
|d 1905-1984
|7 jn19990008106
|2 czenas
|
| 648 |
|
7 |
|a 20. století
|7 ch460558
|2 czenas
|
| 648 |
|
4 |
|a 1905-1984
|
| 650 |
0 |
7 |
|a německy píšící spisovatelé
|7 ph123478
|y 20. století
|2 czenas
|
| 650 |
0 |
7 |
|a francouzsky píšící spisovatelé
|7 ph120352
|y 20. století
|2 czenas
|
| 650 |
0 |
7 |
|a německy psaná literatura
|7 ph123460
|y 20. století
|2 czenas
|
| 650 |
0 |
7 |
|a francouzsky psaná literatura
|7 ph120344
|y 20. století
|2 czenas
|
| 650 |
0 |
7 |
|a národní socialismus
|7 ph123438
|2 czenas
|
| 650 |
0 |
7 |
|a stalinismus
|7 ph126016
|2 czenas
|
| 655 |
|
7 |
|a katalogy výstav
|7 fd132536
|2 czenas
|
| 700 |
1 |
|
|a Patka, Marcus G.,
|d 1966-
|7 jn19990006395
|4 edt
|
| 700 |
1 |
|
|a Stančić, Mirjana,
|d 1953-
|7 mzk2013766808
|4 edt
|
| 910 |
|
|
|a BOA001
|b RK-0005.205
|
| 990 |
|
|
|a BK
|
| 991 |
|
|
|z 000049920
|x 33
|
| 996 |
7 |
|
|b 261A006299
|c RK-0005.205
|l Rakouská knihovna/2.patro
|r ZHR
|n 0
|p {1-LW-05.205}
|h LW-spe
|w 001001329
|u 000010
|a 0
|e BOA001
|j MZK50
|s A
|